| 000 | 00830cam a2200241 a 4500 | ||
|---|---|---|---|
| 999 |
_c7400 _d7400 |
||
| 003 | OSt | ||
| 005 | 20211117120753.0 | ||
| 008 | 090619s2009 sp ago| |||| 000 0bcat | ||
| 017 | _aDL T. 666-2009 | ||
| 020 | _a9788492408788 | ||
| 040 |
_aCDMR _c0 |
||
| 080 | _a929Gols i Soler, Joan | ||
| 245 | 0 | 0 |
_aJoan Gols i Soler : _bun personatge singular / _cMarçal Gols i Cavagliani ... [et al.] |
| 260 |
_aTarragona : _bArola, _c2009 |
||
| 300 |
_a315 p. : _bil., música ; _c24 cm |
||
| 490 | 1 |
_aMorera : _aestudis locals ; _v17 |
|
| 600 | 0 |
_aGols i Soler, Joan _94703 |
|
| 650 | 0 |
_aPeriodistes _zCatalunya _xBiografia _92273 |
|
| 650 | 0 |
_aDibuixants _zCatalunya _xBiografia _93384 |
|
| 651 | 0 |
_aCatalunya _xHistòria _y1936-1939 (Guerra civil) _xRefugiats _xRelats personals _94705 |
|
| 700 |
_aGols, Marçal _94704 |
||
| 942 |
_2udc _cMON |
||